00508nam a2200157 a 450000500170000000800410001702000180005805000180007610000190009424500600011326000260017330000090019944000160020899900190022495201070024320140412111324.0110408s19uu xx 00 eng d a0-307-11593-3 aERbWi63 1990 aPhillips, Joan aWinnie the pooh and the very big bear /cJoan Phillips. aUSA :bGolden,c1990. a32p. aWalt disney c104487d104487 001040aELbELcERd2011-04-08eDonationl0oER Wi63 1990pE8015r2014-04-12 00:00:00w2014-04-12yBK